00670 a2200193 45000010006000000050017000060080041000230030015000640400040000790800035001192450052001540200022002062500013002282640033002413000019002741000026002937000028003198560129003472094020260407155500.0260407a2012 arg spa dAR-UNSa-BCEJYS aAR-UNSa-BCEJYSbspacAR-UNSa-BCEJYS a347.72xSociedades comerciales10aRégimen de sociedades comercialespLey 19.550 a978-950-508-979-6 a24a. ed. 1aBuenos Aires :bAstreac2012 a699 p.c20 cm.1 aZunino, Jorge Osvaldo1 aArgentina [Leyes, etc.]41uhttps://biblioeco.unsa.edu.ar/pmb/images/libros/R?gimen de Sociedades Comerciales(24a ed).jpgyImagen de portadaqimage/jpeg